إدارة حفظ الآثار العربية : رسالتها في رعاية الآثار الاسلامية في القاهرة والأقاليم / Idārat Ḥifẓ al-Āthār al-ʻArabīyah : risālatihā fī riʻāyat al-āthār al-islāmīyah fī-al-Qāhirah wa-al-aqālīm

محفوظ في:

مؤلف مشترك: مصر.وزارة المعارف العمومية..

التنسيق: كتاب

اللغة: Undetermined

منشور في: Cairo Dār al-maʻārif

الوسوم: إضافة وسم

لا توجد وسوم, كن أول من يضع وسما على هذه التسجيلة!

رقم الطلب: E15 WAZA

LEADER 00587nam a2200121Ia 4500
008 240404s9999||||xx |||||||||||||| ||und||
050 4 |a E15 WAZA 
110 0 |a مصر.وزارة المعارف العمومية.. 
245 1 0 |a إدارة حفظ الآثار العربية : رسالتها في رعاية الآثار الاسلامية في القاهرة والأقاليم / Idārat Ḥifẓ al-Āthār al-ʻArabīyah : risālatihā fī riʻāyat al-āthār al-islāmīyah fī-al-Qāhirah wa-al-aqālīm  
264 1 |a Cairo  |b Dār al-maʻārif 
300 |a 81  |c 16 
942 |2 lcc  |c BK 
999 |c 58001  |d 58001